| 000 | 00549nam a2200157 i 4500 | ||
|---|---|---|---|
| 001 | 58040 | ||
| 003 | ES-MaACL | ||
| 005 | 20230906163719.0 | ||
| 007 | t| | ||
| 008 | 031020s1957 sp ||||1| lat d | ||
| 100 | 1 |
_aDunoyer, Emilio. _946067 |
|
| 245 | 1 | 2 |
_aL'enchiridion confessariorum del navarro _b: dissertatio as lauream in facultate S. Theologiae apud pontificium Institutum "Angelicum" de urbe / _cEmilio Dunoyer. |
| 260 |
_aPamplona : _b[s.n., _c1957] ( _fEdit. Gurrea) |
||
| 300 |
_a158 p. ; _c24 cm. |
||
| 852 |
_aES-MaACL _jC-13260 _bR.40256 |
||
| 999 |
_c58040 _d58040 |
||